Rozpoznávanie rastlín v 3D priestore pomocou nástrojov umelej inteligencie
Salvato in:
| Autore principale: | |
|---|---|
| Altri autori: | |
| Natura: | Manoscritto Libro |
| Lingua: | slovacco |
| Pubblicazione: |
Bratislava :
STU v Bratislave FEI,
2025
|
| Soggetti: | |
| Accesso online: | https://opac.crzp.sk/?fn=detailBiblioFormChildM6UPI&sid=BA75C2D62745AD5723EB909ED92F&seo=CRZP-detail-kniha |
| Tags: |
Nessun Tag, puoi essere il primo ad aggiungerne!!
|
MARC
| LEADER | 00000ntm a22000003a 4500 | ||
|---|---|---|---|
| 001 | stuzp101994 | ||
| 003 | SK-STU | ||
| 005 | 20260210094446.9 | ||
| 007 | ta | ||
| 008 | 150427s2015----xo-----f-mn---000-0-slo-d | ||
| 040 | |a STU |b slo | ||
| 041 | 0 | |a slo | |
| 044 | |a xo | ||
| 100 | 1 | |a Kupec, Dominik |u 031000 |4 aut |U FEI Fakulta elektrotechniky a informatiky |T FEI Ústav robotiky a kybernetiky |X 120533 |U E011 |Y 356 |7 120533 | |
| 242 | 0 | 1 | |a Plant Recognition in 3D Space Using Artificial Intelligence Tools |y eng |
| 245 | 1 | 0 | |a Rozpoznávanie rastlín v 3D priestore pomocou nástrojov umelej inteligencie |
| 260 | |a Bratislava : |b STU v Bratislave FEI, |c 2025 | ||
| 300 | |a 55 s. | ||
| 650 | 4 | |a DBSCAN |2 slo | |
| 650 | 4 | |a 3D rozpoznávanie |2 slo | |
| 650 | 4 | |a PointNet++ |2 slo | |
| 650 | 4 | |a klasifikácia objektov |2 slo | |
| 650 | 4 | |a LiDAR |2 slo | |
| 650 | 4 | |a COLMAP |2 slo | |
| 650 | 4 | |a pointcloud |2 slo | |
| 650 | 4 | |a robotické rameno UR5e |2 slo | |
| 650 | 4 | |a ROS |2 slo | |
| 650 | 4 | |a iPhone 12 Pro |2 slo | |
| 650 | 4 | |a 3D recognition |2 eng | |
| 650 | 4 | |a PointNet++ |2 eng | |
| 650 | 4 | |a object classification |2 eng | |
| 650 | 4 | |a LiDAR |2 eng | |
| 650 | 4 | |a COLMAP |2 eng | |
| 650 | 4 | |a pointcloud |2 eng | |
| 650 | 4 | |a UR5e robotic arm |2 eng | |
| 650 | 4 | |a ROS |2 eng | |
| 650 | 4 | |a DBSCAN |2 eng | |
| 650 | 4 | |a iPhone 12 Pro |2 eng | |
| 700 | 1 | |a Gavula, Adam |u 031000 |k Z3 |4 ths |U FEI Fakulta elektrotechniky a informatiky |T FEI Ústav robotiky a kybernetiky |X 86324 |U E011 |Y 356 |7 86324 | |
| 856 | 4 | |u https://opac.crzp.sk/?fn=detailBiblioFormChildM6UPI&sid=BA75C2D62745AD5723EB909ED92F&seo=CRZP-detail-kniha | |